|
|
|
|
| LEADER |
01322nam a22002657a 4500 |
| 001 |
45325 |
| 003 |
BD-DhAAL |
| 005 |
20260206162607.0 |
| 008 |
260206t2023 bg a|||| b||| 00| 0 ben d |
| 020 |
|
|
|a 9789847769875
|
| 040 |
|
|
|a BD-DhAAL
|c BD-DhAAL
|
| 041 |
|
|
|a ben
|
| 082 |
|
|
|a 954.9205
|2 22
|
| 100 |
|
|
|a চৌধুরী, আফসান.
|9 59965
|
| 245 |
|
|
|a ১৯৭১ :
|b অর্থনৈতিক বৈষম্য /
|c সম্পাদনা আফসান চৌধুরী.
|
| 246 |
|
|
|a 1971 arthonowtik boishommo
|
| 260 |
|
|
|a ঢাকা :
|b ঐতিহ্য,
|c ২০২৩.
|
| 300 |
|
|
|a ২০৭ পৃষ্ঠা ;
|c ২২ সে.মি.
|
| 526 |
8 |
|
|a ENH
|x Sabreena Ahmed, PhD
Associate Professor
Department of English and Humanities
|
| 541 |
1 |
|
|a Hye Trade International
|e 45325
|
| 651 |
|
|
|a Bangladesh
|x History
|y Revolution, 1971.
|
| 651 |
|
|
|a বাংলাদেশ
|x ইতিহাস
|y মুক্তিযুদ্ধ, ১৯৭১.
|
| 942 |
|
|
|2 ddc
|c BK
|
| 999 |
|
|
|c 47678
|d 47678
|
| 952 |
|
|
|0 0
|1 0
|2 ddc
|4 0
|6 954_920500000000000_UNN
|7 0
|9 78748
|a BRACUL
|b BRACUL
|c BNC
|d 2026-01-29
|e Hye Trade International
|g 406.00
|l 0
|o 954.9205 UNN
|p 3010045325
|r 2026-01-29
|t 1
|v 812.00
|w 2026-01-29
|y BK
|x Requisitioned by Sabreena Ahmed, PhD (Associate Professor, Department of English and Humanities, BRAC University)
|